Whos American? - Statistics

General Stats
  • This quiz has been taken 33 times
  • The average score is 9 of 10
Answer Stats
Question Tile Select % Correct
Whos American? No
96%
Whos American? No
96%
Whos American? No
96%
Whos American? No
92%
Whos American? Yes
88%
Whos American? Yes
88%
Whos American? Yes
88%
Whos American? Yes
85%
Whos American? Yes
85%
Whos American? No
77%
No matching quizzes found
Score Distribution
Percent of People with Each Score
Percentile by Number Answered
Your Score History
You have not taken this quiz